000 01593nam a22003497a 4500
003 dpl
005 20080911114410.0
008 080911t xxu||||| |||| 00| 0 eng d
010 _aDVD-000756-757
024 _2EDVDD-2234
_c499.00
035 _aDVD-000756-757
040 _aDPL
_cDPL
082 _aDVD / DUMB
245 _aDumb And Dumber
_cNew Line Cinema Presents
_h[videorecording] (DVD) /
260 _bNew Line Cinema Presents/ Home Entertainment Presents
_aDelhi
300 _a1 videodiscs (113 min.):
_bsd., col.;
_c4 3/4 in.
_fDVD
440 _aEagle Home Entertainment Presents
500 _aDVD is copy protectaed
538 _aDolby Digital 5.1-English Subtitles- English, Hindi
538 _aAspect Ratio:2.35.1, Presentation Type: Wide Screen, Presentation Size 16x9, Formation: DVD 9- Dual Layer Single sided Disc,
650 _2Motion Picture
700 _aCarry, Jim
700 _aDaniels, Jeef
700 _aKrevdy, Brad
700 _aStarler, Steve
700 _aWessler, Charles B.
700 _aGarr, Terri
942 _2ddc
_cCF
_hDVD
_mDUMB
999 _c15999
_d15999